Представление документа в формате RUSMARC

ПолеНазваниеЗначение
  Тип записи a
  Библиографический уровень m
001 Контрольный номер c76e3887176546c29423f3657afedf08
005 Дата корректировки 20140703100133.3
200 Заглавие и сведения об ответственности 1_
a Заглавие Основы теории организации социального управления
e Сведения, относящиеся к заглавию Учеб. пособие
f Первые сведения об ответственности Под общ.ред.Е.С.Кушеля
210 Выходные данные 1_
a Место издания М.
c Издательство ЧеРо
d Дата издания 2000
215 Физическое описание __
a Объем 140 с.
610 Ключевые слова 0_
a Ключевые слова социальное управление
686 Индексы других классификаций __
a Классификационный индекс 65.050
2 Код системы rubbk
686 Индексы других классификаций __
a Классификационный индекс 65.050.9(2)я73
2 Код системы rubbk
700 Автор _1
a Фамилия Булыгин Ю.Е.
701 Альтернативная интеллектуальная ответственность _1
a Фамилия Волковский В.И.
801 Источник записи _0
a Страна RU
b Организация РУК
c Дата составления 20010125
g Правила каталогизации PSBO
801 Источник записи _1
a Страна RU
b Организация РУК
c Дата составления 20010125
g Правила каталогизации PSBO
852 Данные о местонахождении __
i Авторский знак Б90
j Шифр хранения ББК 65.050
901 Тип документа __
t Тип документа m
938 Служебная информация __
a Название организации Головной вуз
b Имя БД BOOK
c Название АИБС АИБС ИРБИС